National geographic for kids: almanac 2026. (Record no. 13808)

000 -LEADER
fixed length control field 00479nam a2200157Ia 4500
020 ## - ISBN
ISBN 9781426377815
082 ## - DEWEY DECIMAL CLASSIFICATION NUMBER
Classification number 031.2 N27711 2025
110 ## - MAIN ENTRY--CORPORATE NAME
Corporate name or jurisdiction name as entry element National Geographic Society
245 #0 - TITLE STATEMENT
Title National geographic for kids: almanac 2026.
260 ## - PUBLICATION, DISTRIBUTION, ETC. (IMPRINT)
Place of publication, distribution, etc. Washington D.C., USA
Name of publisher, distributor, etc. National Geographic,
Date of publication, distribution, etc. c2025.
300 ## - PHYSICAL DESCRIPTION
Extent/Page number 367 pages : colored illustrations ;
Dimensions 23 x 16 cm.
504 ## - BIBLIOGRAPHY, ETC. NOTE
Bibliography, etc Includes index.
526 ## - STUDY PROGRAM INFORMATION NOTE
PROGRAM TYPE General References or Works (encyclopedias, biographies, periodicals and journalism)
SUB-PROGRAM TYPE Dictionaries, encyclopedias, concordances
650 ## - SUBJECT ADDED ENTRY--TOPICAL TERM
Topical term or geographic name as entry element Almanacs, Children's.
942 ## - ADDED ENTRY ELEMENTS
Item type Book
Classification
Holdings
Withdrawn status Lost status Source of classification or shelving scheme Damaged status Not for loan Collection code Permanent Location Current Location Shelving location Date acquired Source of acquisition Full call number Barcode Date last seen Price effective from Item type
          Reference Grade School Library Grade School Library Reference 2026-02-03 MIBF 031.2 N27711 2025 GS5768 2026-02-03 2026-02-03 Book